000 00673nam a2200229Ia 4500
003 OSt
005 20230603122648.0
008 210423s2013 xx 000 0 und d
020 _a978-81-7446-449-1
040 _cAL
041 _akan
082 _a658.408 BAXC
100 _aBAXI (C V);PRASAD (Ajit)
_9119304
245 _aCorporate social responsibility: concepts and cases
245 4 _bThe Indian experience
260 _aNew Delhi
_bExcel Books
_c2013
300 _axxi,534
_bPB
365 _b835
_cINR
650 _aExecutive Management
_9119305
906 _acases ; concepts ; Corporate ; experience ; Indian ; responsibility: ; social
942 _2ddc
_cBK
999 _c176549
_d176549